1900 1939 1420 1138 1736 1162 1469 1338 1910 1986 1172 1927 1709 1158 1052 1252 1061 1779 1908 1654 1557 1226 1075 1681 1732 1350 1060 1165 1338 1534 1146 1342 1977 1689 1037 1527 1160 1620 1319 1220 1968 1956 1846 1797 1445 1575 1116 1800 1036 1978 1832 1668 1258 1227 1588 1628 1017 1583 1704 1047 1710 1741 1539 1921 1029 1650 1403 1854 1605 1238 1529 1749 1449 1409 1711 1302 1079 1247 1584 1195 1066 1475 1162 1130 1409 1961 1234 1484 1040 1838 1350 1171 1183 1049 1588 1381 1089 1123 1184 BCNSPRNW ULIB Ver.6.0+V

เปลี่ยนเป็นภาษาไทย

Change to English
 แสดงรายละเอียดบรรณานุกรม
  กลับหน้าหลัก

Brief Record : Get Marc (ISO 2709) : E-mail record : QR code < ปิดหน้าต่าง
LEADER : 00000nam 2200000uu 4500
001    13399120534
003     ULIB
008    120924s2552||||th 000 0 tha d
020    ^a9786117183171
060 04 ^aWB545^bธ394ส 2552
100 0  ^aธวัชชัย กฤษณะประกร
245 10 ^aสมาธิบำบัดทางจิตเวชศาสตร์และสุขภาพจิต =^bMeditationtherapy in psychiatry and mental health /^cธวัชชัย กฤษณะประกรกิจ, สมจิตร์ หร่องบุตรศรี, ผ่องพรรณ กฤษณะประกรกิจ
250    ^aพิมพ์ครั้งที่ 1
260    ^aขอนแก่น :^bคณะแพทยศาสตร์ มหาวิทยาลัยขอนแก่น,^c2552
300    ^a271 หน้า :^bภาพประกอบ ;^c30 ซม.
536    ^aทุนส่งเสริมการผลิตตำรา มหาวิทยาลัยขอนแก่น ลำดับที่ 2
650  7 ^aจิตเวชศาสตร์
650  7 ^aสมาธิภาวนา^xการใช้รักษา
650  7 ^aสุขภาพจิต
700 0  ^aสมจิตร์ หร่องบุตรศรี
700 0  ^aผ่องพรรณ กฤษณะประกรกิจ
710 2  ^aมหาวิทยาลัยขอนแก่น.^bคณะแพทยศาสตร์
945    ^p250^l0^i16816
945    ^p250^l0^i16817
995    ^aกัณชพร
999 ^a ใช้งานได้ทุกระบบ
รายการนี้ยังไม่มีแท็ก
คุณยังไม่ได้ล็อกอิน คุณสามารถมีกิจกรรมร่วมกับเว็บไซต์ได้ แต่ต้องล็อกอินก่อน ::
  ล็อกอิน

รายการสื่อสารสนเทศ

ลำดับที่ ประเภท เลขเรียก/บาร์โค้ด สถานที่ สถานะ
1. วิทยาศาสตร์การแพทย์ และสุขภาพ
วิทยาศาสตร์การแพทย์ และสุขภาพ
สถานะ=หนังสือเก่า
WB545 ธ394ส 2552  
  Barcode: 16816
ห้องสมุดวิทยาเขตนครสวรรค์
►ส่วนจัดเก็บหนังสือเก่า นว.
บนชั้น
  ขอยืม
2. วิทยาศาสตร์การแพทย์ และสุขภาพ
วิทยาศาสตร์การแพทย์ และสุขภาพ
สถานะ=หนังสือเก่า
WB545 ธ394ส 2552 ฉ.2 
  Barcode: 16817
ห้องสมุดวิทยาเขตนครสวรรค์
►ส่วนจัดเก็บหนังสือเก่า นว.
บนชั้น
  ขอยืม

รายการใกล้เคียง
    ผู้แต่ง [ธวัชชัย กฤษณะประกร]

    หัวเรื่อง [จิตเวชศาสตร์]
    หัวเรื่อง [สุขภาพจิต]

BibComment


ยังไม่เคยถูกคอมเมนท์

คอมเมนท์ทรัพยากรรายการนี้
  คอมเมนท์: สมาธิบำบัดทางจิต..


 Copyright 2026. Bcnsprnw @Library